И вот, что-б скрыть пред целым миром Возможный ужас русских смут, В наемной лодочке, за "миром" Наш Витте тронулся в Портсмут ... (Запись № 13740417)

Подробности
000 -МАРКЕР
контрольное поле 02607nkm0a2200457 4500
001 - ИДЕНТИФИКАТОР ЗАПИСИ
контрольное поле RU\NLR\BIBL_A\011966244
005 - ИДЕНТИФИКАТОР ВЕРСИИ
контрольное поле 20260628180846.0
035 ## - ДРУГИЕ СИСТЕМНЫЕ НОМЕРА
Идентификатор записи (NLR Aleph) 011966244
071 50 - ИЗДАТЕЛЬСКИЙ НОМЕР
Цена 5 к.
100 ## - ДАННЫЕ ОБЩЕЙ ОБРАБОТКИ
Данные общей обработки 20190321d1905 u y0rusy50 ca
101 0# - ЯЗЫК РЕСУРСА
Язык текста, звукозаписи и т.д. русский
102 ## - СТРАНА ПУБЛИКАЦИИ ИЛИ ПРОИЗВОДСТВА
Страна публикации Российская Федерация
116 ## - ПОЛЕ КОДИРОВАННЫХ ДАННЫХ: ИЗОБРАЗИТЕЛЬНЫЕ МАТЕРИАЛЫ
Кодированные данные для изобразительных материалов. diycxx bk ae
135 ## - ПОЛЕ КОДИРОВАННЫХ ДАННЫХ: ЭЛЕКТРОННЫЕ РЕСУРСЫ
Кодированные данные для электронного ресурса crcn 024anaba
200 1# - ЗАГЛАВИЕ И СВЕДЕНИЯ ОБ ОТВЕТСТВЕННОСТИ
Основное заглавие И вот, что-б скрыть пред целым миром Возможный ужас русских смут, В наемной лодочке, за "миром" Наш Витте тронулся в Портсмут ...
Общее обозначение материала Изоматериал
Сведения, относящиеся к заглавию открытое письмо
210 ## - ПУБЛИКАЦИЯ, РАСПРОСТРАНЕНИЕ И ДР.
Место издания, распространения и т.д. [Б. м.
Имя издателя, распространителя и т. д. б. и.
Дата издания, распространения и т.д. 1905?]
215 ## - ФИЗИЧЕСКАЯ ХАРАКТЕРИСТИКА
Специфическое обозначение материала и объем 1 л.
Другие сведения о физической характеристике цв. цинкогр.
Размеры 9,3х4,3
225 1# - СЕРИЯ
Основное заглавие серии [С толпой безденежных пролазов ...]
Обозначение тома 10
325 ## - ПРИМЕЧАНИЕ О КОПИИ
Текст примечания Копия доступна в Электрон. б-ке РНБ
517 1# - ДРУГИЕ ВАРИАНТЫ ЗАГЛАВИЯ
Вариант заглавия И вот, чтоб скрыть пред целым миром Возможный ужас русских смут, В наемной лодочке, за "миром" Наш Витте тронулся в Портсмут ...
600 #1 - ИМЯ ЛИЦА КАК ПРЕДМЕТ
Начальный элемент ввода Витте
Часть имени, кроме начального элемента ввода С. Ю.
Даты 1849 - 1915
Расширение инициалов личного имени Сергей Юльевич
Формальный подзаголовок Открытки
Тематический подзаголовок в карикатуре
Системный номер авторитетной/нормативной записи 2428032
Идентификатор авторитетной/нормативной записи RU\NLR\AUTH\6601663768
606 1# - НАИМЕНОВАНИЕ ТЕМЫ КАК ПРЕДМЕТ
Наименование темы Почтовые открытки маркированные художественные
Географический подзаголовок Россия
Хронологический подзаголовок 1895 - 1917
Системный номер авторитетной/нормативной записи 2195710
Идентификатор авторитетной/нормативной записи RU\NLR\AUTH\6601555036
606 1# - НАИМЕНОВАНИЕ ТЕМЫ КАК ПРЕДМЕТ
Наименование темы Карикатура русская
Формальный подзаголовок Открытки
Хронологический подзаголовок 20 в.
Системный номер авторитетной/нормативной записи 962925
Идентификатор авторитетной/нормативной записи RU\NLR\AUTH\66359977
606 1# - НАИМЕНОВАНИЕ ТЕМЫ КАК ПРЕДМЕТ
Наименование темы Политическая карикатура
Формальный подзаголовок Открытки
Хронологический подзаголовок 20 в.
Системный номер авторитетной/нормативной записи 2404165
Идентификатор авторитетной/нормативной записи RU\NLR\AUTH\661432902
606 1# - НАИМЕНОВАНИЕ ТЕМЫ КАК ПРЕДМЕТ
Наименование темы Портсмутский договор
Формальный подзаголовок Открытки
Хронологический подзаголовок 1905
Системный номер авторитетной/нормативной записи 1954270
Идентификатор авторитетной/нормативной записи RU\NLR\AUTH\66894169
610 1# - НЕКОНТРОЛИРУЕМЫЕ ПРЕДМЕТНЫЕ ТЕРМИНЫ
Предметный термин Портретные открытки
686 0# - ИНДЕКСЫ ДРУГИХ КЛАССИФИКАЦИЙ
Индекс Щ153(2Р=Рус)53-489
702 #1 - ИМЯ ЛИЦА - ВТОРИЧНАЯ ОТВЕТСТВЕННОСТЬ
Код отношения Прочие
Графика поля Кириллица
Материалы, к которым относится поле rus
Начальный элемент ввода Витте
Часть имени, кроме начального элемента ввода С. Ю.
Даты 1849-1915
Расширение инициалов личного имени Сергей Юльевич
Системный номер авторитетной/нормативной записи 112761
Идентификатор авторитетной/нормативной записи RU\NLR\AUTH\772753
852 00 - МЕСТОНАХОЖДЕНИЕ И ШИФР ХРАНЕНИЯ
Идентификатор организации NLR
Наименование фонда или коллекции (Sub-Location Identifier) Э
Шифр хранения (Call Number) ОИр526к/33
Идентификатор единицы Эот91096
856 #0 - МЕСТОНАХОЖДЕНИЕ ЭЛЕКТРОННЫХ РЕСУРОВ И ДОСТУП К НИМ
Универсальный идентификатор ресурса (Uniform Resource Identifier) http://vivaldi.nlr.ru/lo000071969/view
856 #1 - МЕСТОНАХОЖДЕНИЕ ЭЛЕКТРОННЫХ РЕСУРОВ И ДОСТУП К НИМ
Универсальный идентификатор ресурса (Uniform Resource Identifier) http://vivaldi.nlr.ru/lo000071969/cover
856 #2 - МЕСТОНАХОЖДЕНИЕ ЭЛЕКТРОННЫХ РЕСУРОВ И ДОСТУП К НИМ
Универсальный идентификатор ресурса (Uniform Resource Identifier) http://vivaldi.nlr.ru/lo000071969/text
942 ## - ДОПОЛНИТЕЛЬНЫЕ ЭЛЕМЕНТЫ ЗАПИСИ (АБИС)
Тип экземпляра АБИС Визуальный материал
980 ## - КОЛЛЕКЦИЯ
Название коллекции Национальная библиография
981 17 - КОЛЛЕКЦИЯ ЭЛЕКТРОННОЙ БИБЛИОТЕКИ
Название коллекции Изографические материалы
Название подколлекции Открытки
--

Нет доступных экземпляров.